Nazwy rzek po odpowiedzi. - Statystyki

Ogólne statystyki
  • Ten quiz został rozwiązany 45 razy
  • Średni wynik to 11 z 15
Statystyki odpowiedzi
Podpowiedź Odpowiedź % Poprawnych
Przepływa przez: Kraków, Sandomierz, Puławy, Warszawa, Płock, Włocławek, Toruń, Bydgoszcz, Świecie, Grudziądz, Tczew i Gdańsk. Wisła
97%
Przepływa przez: Egipt, Sudan, Sudan Południowy, Uganda, Tanzania, Rwanda, Burundi i Etiopia. Nil
92%
Przepływa przez: Czechy, Niemcy i Polskę. Odra
92%
Przepływa przez: Brazylię oraz Peru. Amazonka
87%
Przepływa przez: Niemcy, Austrię, Słowację, Węgry, Chorwację, Serbię, Bułgarię, Rumunię, Mołdawię i Ukrainę. Dunaj
87%
Najdłuższa rzeka w Europie. Wołga
87%
Przepływa przez: Niemcy, Szwajcarię, Austrię i Holandię. Ren
84%
Przepływa przez: Demokratyczną Republikę Konga, Republikę Konga i Angolę. Kongo
79%
Przepływa przez: Rosję, Białoruś i Ukrainę. Dniepr
76%
Przepływa przez: Syrię i Irak. Tygrys
74%
Przepływa przez: Turcję, Syrię i Irak. Eufrat
68%
Przepływa przez: Indie, Bangladesz. Ganges
66%
Przepływa przez: Chiny, Birmę, Tajlandię, Laos, Kambodżę i Wietnam. Mekong
47%
Przepływa przez: Rosję i Kazachstan. Nazwa rozpoczyna się na U. Ural
32%
Przepływa przez: Ukraina, Białoruś. Prypeć
21%
Nie znaleziono quizów pasujących do podanych kryteriów
Rozkład punktacji
Procent ludzi z każdym wynikiem
Percentyl według liczby udzielonych odpowiedzi
Twoja historia wyników
Nie rozwiązałeś tego quizu